Professional liabilities can damage your wealth (Record no. 70872)
[ view plain ]
| 000 -LEADER | |
|---|---|
| fixed length control field | 00927cam a2200193 4500 |
| 001 - CONTROL NUMBER | |
| control field | WB3828-12 |
| 008 - FIXED-LENGTH DATA ELEMENTS--GENERAL INFORMATION | |
| fixed length control field | 020801n2002 000 0 eng u |
| 035 ## - SYSTEM CONTROL NUMBER | |
| System control number | (Sirsi) u119145 |
| 245 ## - TITLE STATEMENT | |
| Title | Professional liabilities can damage your wealth |
| 260 ## - PUBLICATION, DISTRIBUTION, ETC. | |
| Date of publication, distribution, etc. | 2002 |
| 490 ## - SERIES STATEMENT | |
| Series statement | RICS Feature |
| Volume/sequential designation | 31 July 2002, (2) |
| 520 ## - SUMMARY, ETC. | |
| Summary, etc. | Professional Indemnity insurers of RICS members operating in UK property market are becoming concerned about possibility of another flood of valuation losses and claims following news of 'overheated' housing market. Roger Flaxman, insurance adviser to RICS, suggests some reasonable precautions that can be taken to give optimum protection. www.rics.org/ricscms/bin/show?class=Feature&template=/includes/showfeature.html&id=301# |
| 590 ## - LOCAL NOTE (RLIN) | |
| Local note | WB |
| 650 ## - SUBJECT ADDED ENTRY--TOPICAL TERM | |
| Topical term or geographic name entry element | PROFESSIONAL INDEMNITY INSURANCE |
| 650 ## - SUBJECT ADDED ENTRY--TOPICAL TERM | |
| Topical term or geographic name entry element | PROFESSIONAL LIABILITY |
| 650 ## - SUBJECT ADDED ENTRY--TOPICAL TERM | |
| Topical term or geographic name entry element | LIABILITIES |
| 690 ## - LOCAL SUBJECT ADDED ENTRY--TOPICAL TERM (OCLC, RLIN) | |
| Topical term or geographic name as entry element | Insurance |
| 9 (RLIN) | 6249 |
| 942 ## - ADDED ENTRY ELEMENTS (KOHA) | |
| Suppress in OPAC | 0 |
| Withdrawn status | Lost status | Source of classification or shelving scheme | Damaged status | Not for loan | Home library | Current library | Shelving location | Date acquired | Total Checkouts | Full call number | Barcode | Date last seen | Copy number | Price effective from | Koha item type |
|---|---|---|---|---|---|---|---|---|---|---|---|---|---|---|---|
| Dewey Decimal Classification | London | London | News article | 01/08/2002 | WB3828-12 | 119145-1001 | 06/08/2019 | 1 | 06/08/2019 | News article |